000 00302nam a22001337a 4500
008 180129b xxu||||| |||| 00| 0 eng d
020 _a9780323389198
041 _aeng
080 _a61
100 _a3
101 _ashm
245 _a2016 step-by- step medical coding
_ccaroj.j.b
942 _2udc
_cBK
999 _c41129
_d41129